[Event "Schleswig Holstein-ch U14 VM"]
[Site "Neumuenster"]
[Date "2008.03.27"]
[Round "5"]
[White "Falke, Johannes"]
[Black "Baqi, Tiemo"]
[Result "1/2-1/2"]
[WhiteElo "1041"]
[BlackElo "770"]
[PlyCount "32"]
[EventDate "2008.03.24"]
[EventType "swiss"]
[EventRounds "9"]
[EventCountry "GER"]
[SourceTitle "EXT 2009"]
[Source "ChessBase"]
[SourceDate "2008.11.26"]
[SourceVersion "1"]
[SourceVersionDate "2008.11.26"]
[SourceQuality "1"]

1. e4 Nc6 2. d4 d5 3. e5 Bf5 4. Nc3 e6 5. a3 a6 6. Be3 Be7 7. Qd2 b5 8. Nce2 b4 9. a4 a5 10. b3 Rc8 11. c3 Nb8 12. Ng3 Bg6 13. c4 c6 14. f4 h6 15. Nf3 c5 16. Be2 Be4 1/2-1/2

[Event "Schleswig Holstein-ch U14 VM"]
[Site "Neumuenster"]
[Date "2008.03.25"]
[Round "3"]
[White "Baqi, Tiemo"]
[Black "Winter, Hauke"]
[Result "1-0"]
[WhiteElo "770"]
[BlackElo "1015"]
[PlyCount "125"]
[EventDate "2008.03.24"]
[EventType "swiss"]
[EventRounds "9"]
[EventCountry "GER"]
[SourceTitle "EXT 2009"]
[Source "ChessBase"]
[SourceDate "2008.11.26"]
[SourceVersion "1"]
[SourceVersionDate "2008.11.26"]
[SourceQuality "1"]

1. e4 e5 2. Nf3 Nc6 3. Bc4 Nf6 4. Ng5 d5 5. exd5 Nxd5 6. Nxf7 Kxf7 7. Qf3+ Ke8 8. Bxd5 Qd7 9. Bxc6 Qxc6 10. Qh5+ Kd8 11. Qg5+ Be7 12. Qxg7 Qe4+ 13. Kd1 Qg4+ 14. Qxg4 Bxg4+ 15. f3 Bf5 16. Re1 Bd6 17. d3 Rg8 18. g4 Bd7 19. Nc3 Bc6 20. Rf1 Rf8 21. Ne4 Bxe4 22. dxe4 Ke7 23. Bg5+ Ke6 24. Kd2 Bc5 25. Rad1 Rg8 26. h4 Bf8 27. Kc1 h6 28. Be3 Rh8 29. f4 h5 30. g5 exf4 31. Rxf4 Bd6 32. Rf5 Bg3 33. Bf2 Bxf2 34. Rxf2 Raf8 35. Rdf1 Rxf2 36. Rxf2 Ke5 37. Rf7 Kxe4 38. Rxc7 Ke3 39. Rxb7 Rf8 40. b3 Rf4 41. c4 Rxh4 42. c5 Rg4 43. c6 Rxg5 44. c7 Rc5+ 45. Kb2 h4 46. b4 Rc6 47. Rxa7 h3 48. c8Q Rxc8 49. Rh7 Kd2 50. Rxh3 Rc2+ 51. Ka3 Rc8 52. b5 Ra8+ 53. Kb3 Rc8 54. a4 Rc1 55. Kb4 Rb1+ 56. Rb3 Rh1 57. b6 Rh4+ 58. Ka5 Rh5+ 59. Ka6 Rh6 60. Ka7 Rh7+ 61. b7 Rh5 62. Rb5 Rh4 63. a5 1-0